Такая короткая долгая жизнь: телевизионный роман

Dettagli Bibliografici
Autore principale: Ольшанский И. Г. Иосиф Григорьевич
Lingua:russo
Pubblicazione: Москва, Искусство, 1981
Soggetti:
Natura: MixedMaterials Libro
KOHA link:https://koha.lib.tpu.ru/cgi-bin/koha/opac-detail.pl?biblionumber=146180

MARC

LEADER 00000nam0a2200000 4500
001 146180
005 20231031144519.0
020 |a RU  |b 81-76351 
035 |a (RuTPU)RU\TPU\book\158447 
090 |a 146180 
100 |a 20081028d1981 m y0rusy5003 ca 
101 0 |a rus 
102 |a RU 
105 |a a z 000ay 
200 1 |a Такая короткая долгая жизнь  |e телевизионный роман  |f И. Г. Ольшанский 
210 |a Москва  |c Искусство  |d 1981 
215 |a 271 с.  |c ил.  |d 22 см. 
610 1 |a Телевизионные фильмы художественные 
610 1 |a сценарии 
610 1 |a советская литература 
675 |a Р2  |z rus 
700 1 |a Ольшанский  |b И. Г.  |g Иосиф Григорьевич  |4 070 
801 0 |a RU  |b RuMRKP  |c 19950704  |g psbo 
801 1 |a RU  |b 63413507  |c 20081028  |g PSBO 
801 2 |a RU  |b 63413507  |c 20081028  |g PSBO 
942 |c BK